Tanec s miliardami

Kampaň "The Giving Pledge", ktorá vznikla v júni 2010 z iniciatívy Billa Gatesa a Warrena Buffetta, ktorí vyzvali najbohatších ľudí na svete, aby sa dobrovoľne vzdali väčšiny svojho majetku v prospech filantropických cieľov.

Guardado en:
Detalles Bibliográficos
Autor principal: Rogalska, Karin
Formato: Capítulo de libro
Lenguaje:eslovaco
Materias:
Etiquetas: Agregar Etiqueta
Sin Etiquetas, Sea el primero en etiquetar este registro!

MARC

LEADER 00000naa a2200000 4500
001 0168614
005 20231011123312.0
041 0 |a slo 
044 |a SK 
245 1 0 |a Tanec s miliardami  |c Karin Rogalska 
520 |a Kampaň "The Giving Pledge", ktorá vznikla v júni 2010 z iniciatívy Billa Gatesa a Warrena Buffetta, ktorí vyzvali najbohatších ľudí na svete, aby sa dobrovoľne vzdali väčšiny svojho majetku v prospech filantropických cieľov. 
610 2 0 |a záujmy verejné 
610 2 0 |a lobizmus 
610 2 0 |a majetok 
610 2 0 |a bohatí 
610 2 0 |a altruizmus 
610 2 0 |a filantropia 
610 2 0 |a činnosť charitatívna 
610 2 0 |a vedomie spoločenské 
100 1 |a Rogalska, Karin